| 000 | 00517nam a22001817a 4500 | ||
|---|---|---|---|
| 005 | 20250717144310.0 | ||
| 008 | 250717b |||||||| |||| 00| 0 eng d | ||
| 020 | _a978-0-357-03388-3 | ||
| 100 | _aZAHAY DEBRA | ||
| 245 | _aINTERNET MARKETING: INTERGRATING ONLINE & OFFLINE STRATEGIES IN A DIGITAL ENVIRONMENT | ||
| 250 | _a4TH ED. | ||
| 260 |
_aBOSTON _bCENGAGE _c2018 |
||
| 300 | _aXII,562P. | ||
| 500 | _aINCLUDES AN INDEX | ||
| 650 | _aINTERNET MARKETING | ||
| 700 | _aMARY LOU ROBERTS | ||
| 942 |
_2lcc _cBK |
||
| 999 |
_c215925 _d215925 |
||